000 00543nam a2200205Ia 4500
008 230125s9999 xx 000 0 und d
020 _a1-25-902641-8
041 _aeng
082 _a658.8
_bRAM/NAM
100 _aRamaswamy V S
_9111398
245 _aMarketing Management
_bIndian Context
250 _a5th ed
260 _c2013
_bTata McGraw Hill
_aNew Delhi
300 _a788p
500 _amarketing
650 _aMarketing Management
700 _aRamaswamy V S & Namakumari S
_9111399
906 _b125
999 _c88313
_d88313